Представление документа в формате RUSMARC

ПолеНазваниеЗначение
  Тип записи a
  Библиографический уровень a
001 Контрольный номер RU/CBS_Ul/BASE/530119535
005 Дата корректировки 20240209175206.0
100 Данные общей обработки __
a Данные общей обработки 20161018d2016 ||| 0rusy0189 ca
101 Язык документа 0_
a Язык текста rus
102 Страна публикации __
a Страна публикации RU
105 Кодированные данные (монография) __
a Кодированные данные (монография) y###||||000|y
200 Заглавие и сведения об ответственности 1_
a Заглавие Два пишем, пять в уме
b Общее обозначение материала Текст
e Сведения, относящиеся к заглавию [картина Ф. П. Решетникова "Опять двойка"]
f Первые сведения об ответственности С. Мартынов
300 Общие примечания __
a Общие примечания Ограничения по возрасту - 12+
461 Уровень набора _0
1 2000
a Вокруг света
463 Уровень физической единицы _0
1 001RU/CBS_Ul/BASE/519232749
1 2000
a № 6
v С. 38-39 : ил
1 210
d 2016
600 Персоналии _0
a Персоналии (Фамилия) Решетников
b Персоналии (Имя, инициалы) Ф. П.
606 Тематические рубрики 0_
a Основная рубрика Решетников, Фёдор Павлович (1906-1988) - "Опять двойка"
610 Ключевые слова 0_
a Ключевые слова художники
a Ключевые слова художники советские
a Ключевые слова советские художники
a Ключевые слова Опять двойка (картины)
686 Индексы других классификаций __
a Классификационный индекс 85.143(2)6
2 Код системы ББК
700 Автор _1
a Фамилия Мартынов
b Имя (инициалы) С.
801 Источник записи _0
a Страна RU
b Организация МБУК ЦБС г. Ульяновска
c Дата составления 20161018
g Правила каталогизации RCR
801 Источник записи _1
a Страна RU
b Организация МБУК ЦБС г. Ульяновска
c Дата составления 20161018
g Правила каталогизации RCR
901 Тип документа __
t Тип документа b
w Контрольный № источника RU/CBS_Ul/BASE/519232749
910 Корректоры записи __
a Корректор записи Библиотека 2
938 Служебная информация __
a Имя БД period